Perintah-perintah Am Bab "A" - Bab "G"

Bibliographic Details
Corporate Author: MALAYSIA
Format: Book
Published: Kuala Lumpur : MDC Penerbit Pencetak , 1994
Series:Undang-undang Malaysia
Subjects:

MARC

LEADER 00000cam a2200000 7i4500
001 0000000818
005 20020321.0
020 0 0 |a 9677002546 
090 0 0 |a 354.595001   |b MAL 1994 
110 1 0 |a MALAYSIA 
245 1 0 |a Perintah-perintah Am Bab "A" - Bab "G"   |i Peraturan-peraturan Lembaga Tatatertib Perkhidmatan Awam 1993 , Arahan perbendaharaan Bab "A" Bab "C", Panduan perbendaharaan tatacara pengurusan stor, Arahan perkhidmatan Bab "1"- Bab "8" , Akta acara kewangan; semua pindaan hingga Oktober, 1994 
260 0 0 |a Kuala Lumpur :   |b MDC Penerbit Pencetak ,   |c 1994 
300 |a 666 p. ;   |c 25 cm. 
440 0 0 |a Undang-undang Malaysia 
650 0 0 |a Administrative agencies   |z Malaysia 
650 0 0 |a Administrative procedure   |z Malaysia 
650 0 0 |a Civil service ethics   |z Malaysia 
998 |a JPSM 
999 |a 0000000254   |b Monograph   |c Open Shelf   |e Default branch